102 tình huống đàm thoại tiếng Anh

Salvato in:
Dettagli Bibliografici
Natura: Libro
Lingua:Undetermined
Pubblicazione: Tp. HCM Tp. HCM 2002
Soggetti:
Tags: Aggiungi Tag
Nessun Tag, puoi essere il primo ad aggiungerne! !
Thư viện lưu trữ: Trung tâm Học liệu Trường Đại học Cần Thơ
LEADER 00494nam a2200181Ia 4500
001 CTU_54741
008 210402s9999 xx 000 0 und d
020 |b 40000 
082 |a 428.34 
082 |b M458 
245 0 |a 102 tình huống đàm thoại tiếng Anh 
245 0 |c Biên dịch Lê Huy lâm 
260 |a Tp. HCM 
260 |b Tp. HCM 
260 |c 2002 
650 |a english language 
650 |x spoken english 
980 |a Trung tâm Học liệu Trường Đại học Cần Thơ